Maya Hawke - Over (Lyrics) - Statistics

General Stats
  • This quiz has been taken 16 times
  • The average score is 195 of 295
Answer Stats
Answer % Correct
a
100%
A
100%
be
100%
come
100%
I
100%
I'm
100%
October
100%
Over,
100%
over,
100%
to
100%
want
100%
when
100%
it
91%
it's
91%
you,
91%
you
91%
You
91%
go
82%
strong
82%
Told
82%
told
82%
wanted
82%
explain
73%
gonna
73%
have
73%
me
73%
me,
73%
No
73%
no
73%
rover
73%
stronger
73%
than
73%
that
73%
now
64%
So
64%
so
64%
Angry,
55%
angry,
55%
angry
55%
my
55%
My
55%
pain,
55%
pain
55%
And
45%
and
45%
at
45%
but
45%
fall,
45%
here
45%
know
45%
know,
45%
Leave
45%
leave
45%
pretty,
45%
pretty
45%
skin
45%
smile
45%
stretch
45%
teach
45%
the
45%
your
45%
arms
36%
blame,
36%
blame
36%
bound,
36%
clear
36%
dear,
36%
dear
36%
die
36%
Empty,
36%
empty,
36%
even
36%
fear,
36%
fear
36%
felt
36%
from
36%
legs
36%
let
36%
long
36%
look
36%
mind
36%
never
36%
not
36%
out
36%
ribbon
36%
right
36%
said
36%
see
36%
see,
36%
steer
36%
stole
36%
three
36%
Time
36%
tranquil
36%
what
36%
would
36%
wound
36%
around
27%
body's
27%
could
27%
flower,
27%
fresh,
27%
grim
27%
grip,
27%
is
27%
loosen
27%
more
27%
real
27%
rotten
27%
sound,
27%
sound
27%
tame,
27%
think
27%
throat
27%
times
27%
weak
27%
wise
27%
won't
27%
wrong
27%
you're
27%
bee
18%
braving,
18%
braving
18%
bud
18%
Calling,
18%
calling
18%
forgotten
18%
get-go
18%
keeps
18%
Like
18%
monster
18%
of
18%
pollen
18%
preordained,
18%
Saving
18%
She
18%
tail
18%
this
18%
woe,
18%
worn-out
18%
appalling
9%
inner
9%
No matching quizzes found
Score Distribution
Percent of People with Each Score
Percentile by Number Answered
Your Score History
You have not taken this quiz